<?xml version="1.0" encoding="UTF-8"?>
<record
    xmlns:xsi="http://www.w3.org/2001/XMLSchema-instance"
    xsi:schemaLocation="http://www.loc.gov/MARC21/slim http://www.loc.gov/standards/marcxml/schema/MARC21slim.xsd"
    xmlns="http://www.loc.gov/MARC21/slim">

  <leader>03186cam a22004814i 4500</leader>
  <controlfield tag="003">PE-LiUPU</controlfield>
  <controlfield tag="005">20250731172903.0</controlfield>
  <controlfield tag="008">150706s                r     000 0     d</controlfield>
  <datafield tag="020" ind1=" " ind2=" ">
    <subfield code="a">3161545222</subfield>
  </datafield>
  <datafield tag="020" ind1=" " ind2=" ">
    <subfield code="a">9783161545221</subfield>
  </datafield>
  <datafield tag="035" ind1=" " ind2=" ">
    <subfield code="a">(Sirsi) a166116</subfield>
  </datafield>
  <datafield tag="040" ind1=" " ind2=" ">
    <subfield code="a">PE-LiUPU</subfield>
    <subfield code="b">spa</subfield>
    <subfield code="c">PE-LiUPU</subfield>
    <subfield code="e">rda</subfield>
  </datafield>
  <datafield tag="049" ind1=" " ind2=" ">
    <subfield code="a">PRUA</subfield>
  </datafield>
  <datafield tag="082" ind1="0" ind2="4">
    <subfield code="a">230</subfield>
    <subfield code="b">B6</subfield>
    <subfield code="2">23</subfield>
  </datafield>
  <datafield tag="245" ind1="0" ind2="0">
    <subfield code="a">Basel 1516 :</subfield>
    <subfield code="b">Erasmus' edition of the New Testament /</subfield>
    <subfield code="c">edited by Martin Wallraff, Silvana Seidel Menchi, Kaspar von Greyerz.</subfield>
  </datafield>
  <datafield tag="264" ind1=" " ind2="1">
    <subfield code="a">T&#xFC;bingen :</subfield>
    <subfield code="b">Mohr Siebeck,</subfield>
    <subfield code="c">2016.</subfield>
  </datafield>
  <datafield tag="300" ind1=" " ind2=" ">
    <subfield code="a">319 p&#xE1;ginas ;</subfield>
    <subfield code="c">24 cent&#xED;metros.</subfield>
  </datafield>
  <datafield tag="336" ind1=" " ind2=" ">
    <subfield code="a">text</subfield>
    <subfield code="2">rdacontent</subfield>
  </datafield>
  <datafield tag="337" ind1=" " ind2=" ">
    <subfield code="a">unmediated</subfield>
    <subfield code="2">rdamedia</subfield>
  </datafield>
  <datafield tag="338" ind1=" " ind2=" ">
    <subfield code="a">volume</subfield>
    <subfield code="2">rdacarrier</subfield>
  </datafield>
  <datafield tag="505" ind1="0" ind2=" ">
    <subfield code="a">The Novum Instrumentum 1516 and its philological background. </subfield>
    <subfield code="t"> Basel 1514 : Erasmus' critical turn / </subfield>
    <subfield code="r"> Mark Vessey -- </subfield>
    <subfield code="t"> Biblical humanism / </subfield>
    <subfield code="r"> Erika Rummel -- </subfield>
    <subfield code="t"> Late medieval vernacular Bible production in the low countries / </subfield>
    <subfield code="r"> August den Hollander -- </subfield>
    <subfield code="t"> Reconsidering the relationship between the Complutensian Polyglot Bible and Erasmus' Novum Testamentum / </subfield>
    <subfield code="r"> Ignacio Garc&#xED;a Pinilla -- </subfield>
    <subfield code="g"> [Part 2.] </subfield>
    <subfield code="t"> The text of the New Testament and its additions. </subfield>
    <subfield code="t"> Structure and history of the biblical manuscripts used by Erasmus for his 1516 edition / </subfield>
    <subfield code="r"> Patrick Andrist -- </subfield>
    <subfield code="t"> The manuscript sources and textual character of Erasmus' 1516 Greek New Testament / </subfield>
    <subfield code="r"> Andrew J. Brown -- </subfield>
    <subfield code="t"> Paratexte der Bibel : was Erasmus edierte ausser dem Neuen Testament /</subfield>
    <subfield code="r"> Martin Wallraff -- </subfield>
    <subfield code="t">Die Annotationes in Novum Testamentum im Rahmen von Erasmus' Werken zur Bibel /</subfield>
    <subfield code="r">Miekske van Poll-van de Lisdonk -- </subfield>
    <subfield code="t">Deconstructing the Vulgate : Erasmus' philological work in the Capita and the Soloecismi /</subfield>
    <subfield code="r">Jan Krans -- </subfield>
    <subfield code="t">How to domesticate the New Testament : Eramsus' dilemmas (1516-1535) /</subfield>
    <subfield code="r">Silvana Seidel Menchi -- </subfield>
    <subfield code="t">Communication and reception. </subfield>
    <subfield code="t">The impact of Erasmus' New Testament on the European market (1516-1527) : considerations regarding the production and distribution of a publishing success /</subfield>
    <subfield code="r">Valentina Sebastiani -- </subfield>
    <subfield code="t">Erasmus and the New Testament : innovation and subversion? /</subfield>
    <subfield code="r">Marie Barral-Baron -- </subfield>
    <subfield code="t">Theological and humanistic legacies of Erasmus in the Age of Reform /</subfield>
    <subfield code="r">Greta Kroeker -- </subfield>
    <subfield code="t">Unmittelbarkeit und &#xDC;berlieferung : Erasmus und Beza zum Status des neutestamentlichen Textes /</subfield>
    <subfield code="r">Sundar Henny -- </subfield>
    <subfield code="t">Die Nachwirkung des Neuen Testamentes von Erasmus in den reformatischen Kirchen /</subfield>
    <subfield code="r">Christine Christ-von Wedel.</subfield>
  </datafield>
  <datafield tag="526" ind1=" " ind2=" ">
    <subfield code="a">SEG42</subfield>
  </datafield>
  <datafield tag="526" ind1=" " ind2=" ">
    <subfield code="a">SEG41</subfield>
  </datafield>
  <datafield tag="526" ind1=" " ind2=" ">
    <subfield code="a">SEG40</subfield>
  </datafield>
  <datafield tag="526" ind1=" " ind2=" ">
    <subfield code="a">SEG39</subfield>
  </datafield>
  <datafield tag="526" ind1=" " ind2=" ">
    <subfield code="a">P94</subfield>
  </datafield>
  <datafield tag="526" ind1=" " ind2=" ">
    <subfield code="a">P87</subfield>
  </datafield>
  <datafield tag="526" ind1=" " ind2=" ">
    <subfield code="a">P86</subfield>
  </datafield>
  <datafield tag="526" ind1=" " ind2=" ">
    <subfield code="a">P85</subfield>
  </datafield>
  <datafield tag="526" ind1=" " ind2=" ">
    <subfield code="a">P77</subfield>
  </datafield>
  <datafield tag="526" ind1=" " ind2=" ">
    <subfield code="a">P76</subfield>
  </datafield>
  <datafield tag="526" ind1=" " ind2=" ">
    <subfield code="a">P35</subfield>
  </datafield>
  <datafield tag="650" ind1="1" ind2="4">
    <subfield code="a">Erasmo, Desiderio</subfield>
    <subfield code="d">1469-1536</subfield>
  </datafield>
  <datafield tag="630" ind1="0" ind2="4">
    <subfield code="a">Biblia.</subfield>
    <subfield code="p">N.T.</subfield>
  </datafield>
  <datafield tag="700" ind1="1" ind2=" ">
    <subfield code="a">Martin Wallraff</subfield>
    <subfield code="d">1966-</subfield>
  </datafield>
  <datafield tag="700" ind1="1" ind2=" ">
    <subfield code="a">Silvana Seidel Menchi</subfield>
    <subfield code="d">1938-</subfield>
  </datafield>
  <datafield tag="700" ind1="1" ind2=" ">
    <subfield code="a">Kaspar von Greyerz</subfield>
    <subfield code="d">1947-</subfield>
  </datafield>
  <datafield tag="942" ind1=" " ind2=" ">
    <subfield code="2">ddc</subfield>
    <subfield code="c">BOOK</subfield>
  </datafield>
  <datafield tag="994" ind1=" " ind2=" ">
    <subfield code="a">C0</subfield>
    <subfield code="b">PEPRU</subfield>
  </datafield>
  <datafield tag="596" ind1=" " ind2=" ">
    <subfield code="a">1</subfield>
  </datafield>
  <datafield tag="999" ind1=" " ind2=" ">
    <subfield code="a">230 B6</subfield>
    <subfield code="w">LC</subfield>
    <subfield code="c">14854</subfield>
    <subfield code="i">75232</subfield>
    <subfield code="f">2021-11-9</subfield>
    <subfield code="g">5</subfield>
    <subfield code="l">CCODEBUL1</subfield>
    <subfield code="m">BUL</subfield>
    <subfield code="r">0</subfield>
    <subfield code="s">Y</subfield>
    <subfield code="t">BOOK</subfield>
    <subfield code="u">2017-1-16</subfield>
    <subfield code="x">TEOLOGIA</subfield>
    <subfield code="P">P85</subfield>
    <subfield code="0">COMPRA</subfield>
    <subfield code="o">.STAFF. Colecci&#xF3;n Teolog&#xED;a</subfield>
    <subfield code="d">14854</subfield>
  </datafield>
  <datafield tag="980" ind1=" " ind2=" ">
    <subfield code="8">1</subfield>
    <subfield code="g">ALBERTO SANCHEZ Responsable de Automatizaci&#xF3;n</subfield>
  </datafield>
  <datafield tag="952" ind1=" " ind2=" ">
    <subfield code="r">2025-12-03 00:00:00</subfield>
    <subfield code="i">6</subfield>
    <subfield code="l">0</subfield>
    <subfield code="o">230 B6</subfield>
    <subfield code="p">75232</subfield>
    <subfield code="t">e1</subfield>
    <subfield code="w">2017-01-16</subfield>
    <subfield code="x">PG</subfield>
    <subfield code="y">BK</subfield>
    <subfield code="z">inventario-2023-12-13</subfield>
    <subfield code="1">0</subfield>
    <subfield code="2">ddc</subfield>
    <subfield code="5">0</subfield>
    <subfield code="7">0</subfield>
    <subfield code="8">GEN</subfield>
    <subfield code="f">P85</subfield>
    <subfield code="a">BUL</subfield>
    <subfield code="b">BUL</subfield>
    <subfield code="c">GEN</subfield>
    <subfield code="d">2017-01-16</subfield>
    <subfield code="e">COMPRA</subfield>
  </datafield>
</record>
